Skúmanie vlastností plazmaticky nanesenej vrstvy bielej liatiny

Podrobná bibliografia
Hlavní autori: Benko, B. (Author), Matejka, D. (Author)
Médium: Článok
Jazyk:Slovak
Témy:
Zdroj: 1. Zváranie 1. Roč. 28, č. 11 (1979), s. 337-340
LEADER 00881nab#a2200361#ar4500
001 000103469
003 SVKKK
005 20101227125052.0
008 101227c1979 xo |||||||||||||||b|slo
FMT
015 |a SNBRB2010/12 
038 |a SVKKK 
040 |a SVKKK  |b slo  |e AACR2 
041 0 |a slo 
044 |a xo  |c SK 
080 |a 669.131.2  |2 1997 
080 |a 621.793.74  |2 1997 
100 1 |a Benko, B.  |4 aut 
245 1 0 |a Skúmanie vlastností plazmaticky nanesenej vrstvy bielej liatiny  |c B. Benko, D. Matejka 
300 |b Obr., tab. 
504 |a Bibliogr. odkazy 
650 0 4 |a biela liatina 
650 0 4 |a plazmatické nanášanie 
650 0 4 |a povlaky 
700 1 |a Matejka, D.  |4 aut 
773 0 |t Zváranie  |g Roč. 28, č. 11 (1979), s. 337-340 
958 |a RK 
958 |a NB 
974 |a Ma 
992 |a RBX 
BAS
852 |a SVKKK  |b BIB 
998 |a HUT